Skip to main content
Your cart is empty.
Your lists
Log in to create your own lists
Your cookies
العربية
English
العربية
Home
Search
Advanced search
Authority search
About
The noble scholar, jurist, historian
His Excellency Dr. Abdul Wahhab bin Ibrahim Abu Sulaiman, may Allah have mercy on him.
He was born in Umm Al-Qura in the year 1356 AH.
Library catalog
Title
Author
Subject
ISBN
ISSN
Series
Call number
Log in to your account
×
Login:
Password:
Home
MARC view: أشهر الرحلات في غرب إفريقيا /
Normal view
MARC view
ISBD view
أشهر الرحلات في غرب إفريقيا / (Record no. 11605)
[
view plain
]
MARC details
000 -LEADER
fixed length control field
01261cam a2200313 i 4500
003 - CONTROL NUMBER IDENTIFIER
control field
SA-RiAUC
005 - DATE AND TIME OF LATEST TRANSACTION
control field
20250911111801.0
008 - FIXED-LENGTH DATA ELEMENTS--GENERAL INFORMATION
fixed length control field
250906s1998 ua b g f00000 ara c
020 ## - INTERNATIONAL STANDARD BOOK NUMBER
International Standard Book Number
9770155241
040 ## - CATALOGING SOURCE
Original cataloging agency
SA-JeALM
Language of cataloging
ara
Transcribing agency
SA-RiAUC
Description conventions
rda
041 1# - LANGUAGE CODE
Language code of text/sound track or separate title
ara
Language code of original
und
043 ## - GEOGRAPHIC AREA CODE
Geographic area code
f-sa---
050 14 - LIBRARY OF CONGRESS CALL NUMBER
Item number
.A9412 1998
082 04 - DEWEY DECIMAL CLASSIFICATION NUMBER
Classification number
916.804
090 ## - LOCALLY ASSIGNED LC-TYPE CALL NUMBER (OCLC); LOCAL CALL NUMBER (RLIN)
Classification number (OCLC) (R) ; Classification number, CALL (RLIN) (NR)
916.804
Local cutter number (OCLC) ; Book number/undivided call number, CALL (RLIN)
هـ و ا
100 1# - MAIN ENTRY--PERSONAL NAME
Personal name
هوارد ، س
Relator term
مؤلف.
245 10 - TITLE STATEMENT
Title
أشهر الرحلات في غرب إفريقيا /
Statement of responsibility, etc.
س هوارد ؛ ترجمة عبد الرحمن عبد الله الشيخ.
264 #1 - PRODUCTION, PUBLICATION, DISTRIBUTION, MANUFACTURE, AND COPYRIGHT NOTICE
Place of production, publication, distribution, manufacture
القاهرة :
Name of producer, publisher, distributor, manufacturer
الهيئة المصرية العامة للكتاب،
Date of production, publication, distribution, manufacture, or copyright notice
1996
300 ## - PHYSICAL DESCRIPTION
Extent
511 صفحة :
Other physical details
خرائط ؛
Dimensions
24 سم.
336 ## - CONTENT TYPE
Content type term
نص
Content type code
txt
Source
rdacontent
Materials specified
كتاب
337 ## - MEDIA TYPE
Media type term
بدون وسيط
Media type code
n
Source
rdamedia
338 ## - CARRIER TYPE
Carrier type term
مجلد
Carrier type code
nc
Source
rdacarrier
490 1# - SERIES STATEMENT
Series statement
الألف كتاب / الهيئة المصرية العامة للكتاب (القاهرة) ؛
Volume/sequential designation
286
651 #7 - SUBJECT ADDED ENTRY--GEOGRAPHIC NAME
Geographic name
جنوب إفريقيا
General subdivision
وصف ورحلات
Source of heading or term
aucsh
651 #7 - SUBJECT ADDED ENTRY--GEOGRAPHIC NAME
Geographic name
جنوب إفريقيا
General subdivision
جغرافيا
Source of heading or term
aucsh
700 1# - ADDED ENTRY--PERSONAL NAME
Personal name
الشيخ، عبد الرحمن عبد الله
Relator term
مترجم.
942 ## - ADDED ENTRY ELEMENTS (KOHA)
Source of classification or shelving scheme
Dewey Decimal Classification
Koha item type
Books
Suppress in OPAC
No
949 ## - LOCAL PROCESSING INFORMATION (OCLC)
a
SA-JeALM
d
250906
u
mohamedma123
n
1
Holdings
Withdrawn status
Lost status
Source of classification or shelving scheme
Damaged status
Not for loan
Home library
Current library
Date acquired
Total checkouts
Full call number
Barcode
Date last seen
Price effective from
Koha item type
Dewey Decimal Classification
DR AbdElwahab Library
DR AbdElwahab Library
09/11/2025
916.804 هـ و ا
000018750
09/11/2025
09/11/2025
Books
Place hold
Print
Add to your cart
(remove)
Save record
BIBTEX
Dublin Core
MARCXML
MARC (non-Unicode/MARC-8)
MARC (Unicode/UTF-8)
MARC (Unicode/UTF-8, Standard)
MODS (XML)
RIS
ISBD
More searches
Search for this title in:
Other Libraries (WorldCat)
Other Databases (Google Scholar)
Online Stores (Bookfinder.com)
Open Library (openlibrary.org)
Exporting to Dublin Core...
×
Simple DC-RDF
OAI-DC
SRW-DC